Instant general surgery / (Record no. 79047)

MARC details
000 -LEADER
fixed length control field 00623nam a22001817a 4500
020 ## - INTERNATIONAL STANDARD BOOK NUMBER
International Standard Book Number 9789381162873
Terms of availability 495.00
035 ## - SYSTEM CONTROL NUMBER
System control number B-512616
037 ## - SOURCE OF ACQUISITION
Source of stock number/acquisition BSB/Ven.
082 ## - DEWEY DECIMAL CLASSIFICATION NUMBER
Classification number 617.91
100 ## - MAIN ENTRY--PERSONAL NAME
Personal name Rao, Devaji S.
245 ## - TITLE STATEMENT
Title Instant general surgery /
Statement of responsibility, etc by S. Devaji Rao
260 ## - PUBLICATION, DISTRIBUTION, ETC. (IMPRINT)
Place of publication, distribution, etc New Delhi
Name of publisher, distributor, etc Ane Books
Date of publication, distribution, etc 2012
270 ## - ADDRESS
Address 4821, Parwana Bhawan, 1st Floor, 24 Ansari Road, Darya Ganj
City New Delhi
Postal code 110002
300 ## - PHYSICAL DESCRIPTION
Extent xvi,526p.
Dimensions 24cm(Hb)
Other physical details ill.
500 ## - GENERAL NOTE
General note Includes index
942 ## - ADDED ENTRY ELEMENTS (KOHA)
Source of classification or shelving scheme Dewey Decimal Classification
Item type English Books
Call number suffix RAO
Classification part 617.91
Holdings
Withdrawn status Lost status Not for loan Collection code Home library Current library Date acquired Source of acquisition Cost, normal purchase price Full call number Barcode Copy number Cost, replacement price Koha item type
  Written-off vide DLB M. No. 383 dt 16.05.19   Non-fiction Central Library Central Library 23/09/2013 BSB/882/09.03.2013/169/08.03.2013/23.03.2013 495.00 617.91 RAO B-512616 1 495.00 English Books

© Delhi Public Library
Hit Counter
free hit counter